00000000nam##2200000za#4500
0019.538529
003CaOODSP
00520210305160113
007ta
008150406|2003||||xxc|||||     f|0| 0 fre|d
040 |aCaOODSP|bfre
041 |aeng
041 |afre
043 |an-cn---
0861 |aXC67-372/1-1-03
1101 |aCanada. |bParlement. |bChambre des communes.
24510|aÀ l'écoute des canadiens : |bla nécessité d'une action pancanadienne / |cJudi Longfield, Présidente; Carolyn Bennett, Présidente, Sous-comité de la condition des personnes handicapées.
260 |bChambre des communes |cJuin 2003.
300 |aTexte français, xi, 154p. : |bcartes marines, références, tableaux ; |c28 cm.
4901 |aRapport du Comité permanent du développement des ressources humaines et de la condition des personnes handicapées
563 |aCouverture souple
590 |a03-29|b2003-07-18
69107|aCondition de la personne handicapée|2gcpds
69107|aRapport|2gcpds
69107|aRessources humaines|2gcpds
791 |tListening to Canadians : |eeng|w(CaOODSP)9.538528
830#0|aRapport du Comité permanent du développement des ressources humaines et de la condition des personnes handicapées.|w(CaOODSP)9.510803